Supply Chain Management : (Record no. 1154)

000 -LEADER
fixed length control field 00889nam a2200277 a 4500
008 - FIXED-LENGTH DATA ELEMENTS--GENERAL INFORMATION
fixed length control field 191205r20132015ii ad||g |||| 001 0 eng d
020 ## - INTERNATIONAL STANDARD BOOK NUMBER
International Standard Book Number 9788131789209
Terms of availability Rs. 650.00
040 ## - CATALOGING SOURCE
Original cataloging agency IMU Kochi Library
Language of cataloging eng
041 0# - LANGUAGE CODE
Language code of text/sound track or separate title eng
044 ## - COUNTRY OF PUBLISHING/PRODUCING ENTITY CODE
MARC country code India
082 04 - DEWEY DECIMAL CLASSIFICATION NUMBER
Edition number 23
Classification number 658.7
Item number C4558
100 1# - MAIN ENTRY--PERSONAL NAME
Personal name Chopra, Sunil
245 10 - TITLE STATEMENT
Title Supply Chain Management :
Sub Title strategy, planning and operation /
250 ## - EDITION STATEMENT
Edition statement 5th ed.
260 ## - PUBLICATION, DISTRIBUTION, ETC. (IMPRINT)
Place of publication, distribution, etc Noida :
Name of publisher, distributor, etc Pearson India Education Services Pvt. Ltd. ,
Date of publication, distribution, etc 2013, reprinted 2015.
300 ## - PHYSICAL DESCRIPTION
Extent xviii, 557 p. :
Other physical details ill. ;
Dimensions 25 cm.
504 ## - BIBLIOGRAPHY, ETC. NOTE
Bibliography, etc Includes Index.
650 #0 - SUBJECT ADDED ENTRY--TOPICAL TERM
Topical term or geographic name as entry element Marketing channels
General subdivision Management
650 #0 - SUBJECT ADDED ENTRY--TOPICAL TERM
Topical term or geographic name as entry element Physical distribution of goods
General subdivision Management
650 #0 - SUBJECT ADDED ENTRY--TOPICAL TERM
Topical term or geographic name as entry element Delivery of goods
General subdivision Management
700 ## - ADDED ENTRY--PERSONAL NAME
Personal name Meindl, Peter
Relator term Joint Author
700 ## - ADDED ENTRY--PERSONAL NAME
Personal name Kalra, Dharam Vir
Relator term Joint Author
852 ## - LOCATION/CALL NUMBER
Location IMU Kochi Library
904 ## - LOCAL DATA ELEMENT D, LDD (RLIN)
CATALOGER Akhil Bose
942 ## - ADDED ENTRY ELEMENTS (KOHA)
Item type Books
Holdings
Withdrawn status Lost status Source of classification or shelving scheme Damaged status Not for loan Collection code Permanent location Current location Shelving location Date acquired Source of acquisition Cost, normal purchase price Total Checkouts Total Renewals Full call number Barcode Date last seen Date last borrowed Koha item type Public note
          Management Studies IMU Kochi Library IMU Kochi Library General Stacks 2015-07-03 M/s Scientific Book Centre (Inv. No. SBC/14-15/03 dt. 2015-07-02 650.00 3 2 658.7 C4558 BK002811 2024-05-16 2024-05-16 Books Gen. Shelf-36, Row-2
          Management Studies IMU Kochi Library IMU Kochi Library General Stacks 2015-07-03 M/s Scientific Book Centre (Inv. No. SBC/14-15/03 dt. 2015-07-02 650.00 3   658.7 C4558 BK002812 2024-02-29 2023-12-29 Books Gen. Shelf-36, Row-2


Copyright © All Rights Reserved by Indian Maritime University, Kochi Campus.
For any Suggestions/Query Contact to library or Email: library.kochi@imu.ac.in Ph:(0484)-2989402
(Web OPAC Designed by Rudra Ranjan. Maintained by IMU Kochi Library)

Powered by Koha